[Event "Lindores Abbey Rapid Challenge"]
[Site "Online"]
[Date "2020.05.20"]
[Round "7"]
[White "Duda, Jan-Krzysztof"]
[Black "Carlsen, Magnus"]
[Result "1-0"]
[WhiteElo "2774"]
[BlackElo "2881"]
[Annotator "TA"]
[PlyCount "85"]
[EventDate "2020.05.19"]
[EventType "tourn"]
[SourceTitle "playchess.com"]
[Source "ChessBase"]
[SourceQuality "1"]

{[%evp 19,85,15,18,19,26,29,31,31,31,27,22,18,25,54,113,120,122,116,127,108,139,132,135,119,167,166,181,136,118,67,71,70,81,79,81,58,70,58,68,52,103,99,84,39,205,200,295,295,289,245,360,360,362,356,348,348,341,335,291,286,306,261,426,286,338,334,29997,29998]} 1. c4 e5 2. Nc3 Nf6 3. Nf3 Nc6 4. e3 Bb4 5. Qc2 O-O 6. Nd5 Re8 7. Qf5 d6 8. Nxf6+ gxf6 9. Qh5 d5 10. a3 Bf8 11. Bd3 $5 {[%csl Gd3][%cal Rh5h7][%mdl 4] A promising side line. A28: English Opening: Four Knights Variation.} e4 12. cxd5 {Strongly threatening Bc2.} exd3 13. dxc6 {White is slightly better.} bxc6 14. b4 a5 15. Bb2 Re4 16. Nd4 {[#]} Qd5 $146 (16... Rg4 $14) ({Predecessor:} 16... Rg4 17. Nxc6 Qd7 18. b5 Rxg2 19. h4 Rg6 20. Rc1 a4 21. Qf3 Qg4 22. Qxg4 Bxg4 {½-½ (35) Lanzani,P (1891)-Besozzi,F ICCF email 2008}) 17. Qxd5 $16 cxd5 18. f3 Re8 19. Nb5 Re7 20. Bxf6 Rd7 21. Kf2 Ba6 22. Nd4 Bc4 23. Rhb1 Ra6 {[#]} 24. Be5 (24. Bh4 $1 $16) 24... f6 25. b5 Rb6 26. Bf4 $36 {[%mdl 2048] Black must now prevent a4. White is really pushing.} a4 27. g4 Bc5 28. h4 Kf7 29. Kg3 (29. g5 {feels hotter.} Ke8 30. gxf6 Rxf6 31. Be5 Rh6 32. Nf5) 29... Bxd4 (29... Ke8 $14) 30. exd4 Bxb5 31. Rb4 Re7 $2 {[#] This costs Black the game.} ({Black should try} 31... c6 $1 $14) 32. Rab1 $1 $18 Bc4 (32... Bc6 $142 33. Rxb6 cxb6 34. Rxb6 Re6) 33. Rxb6 cxb6 34. Rxb6 {[%mdl 4096] Endgame KRB-KRB} Bb3 (34... Kg7 $142 35. Bd6 Rf7) 35. Bd6 Rd7 36. f4 f5 37. g5 (37. gxf5 Kf6 $16) 37... Bd1 38. Bc5 Kg7 39. Kf2 Rd8 40. Rb7+ Kg6 $2 (40... Kg8 {was called for.} 41. Bb4 Bh5) 41. Re7 Rb8 42. Re6+ Kh5 $2 (42... Kg7 $18 43. Re5 Rb7 44. Rxd5 (44. Rxf5 Rf7 $18) 44... Be2) 43. Kg3 {Accuracy: White = 81%, Black = 48%.} 1-0

[Event "Lindores Abbey Rapid Challenge"]
[Site "Online"]
[Date "2020.05.20"]
[Round "7"]
[White "Wei, Yi"]
[Black "Aronian, Levon"]
[Result "1/2-1/2"]
[WhiteElo "2752"]
[BlackElo "2778"]
[Annotator "TA"]
[PlyCount "83"]
[EventDate "2020.05.19"]
[EventType "tourn"]
[SourceTitle "playchess.com"]
[Source "ChessBase"]
[SourceQuality "1"]

{[%evp 9,83,21,19,23,27,10,18,11,33,22,31,24,37,35,45,22,24,5,19,11,9,0,0,-11,-11,-14,-9,-12,-7,-6,-6,-4,-14,-10,-6,-9,-1,0,0,0,0,0,0,-2,0,-13,-13,-10,-13,-15,-37,-28,-10,-10,-3,-3,-3,-3,-3,-3,0,0,0,0,0,0,0,-21,0,0,0,-21,0,0,0,-21]} 1. e4 e5 2. Nf3 Nf6 3. Nxe5 d6 4. Nd3 (4. Nf3 Nxe4 5. Nc3 Nxc3 6. dxc3 Be7 7. Be3 O-O 8. Qd2 Nd7 9. O-O-O c6 10. h4 Re8 11. Bd3 d5 12. h5 Nc5 13. Kb1 Bg4 14. Bxc5 Bxc5 15. Qf4 Bxf3 16. Qxf3 {½-½ (31) Wei,Y (2732)-Aronian,L (2773) chess.com INT 2020}) 4... Nxe4 5. Qe2 Qe7 6. Nc3 {[%cal Bb1c3,Bc3e2,Be2g3,Bg3f5][%mdl 32] C42: Petroff Defence: 3 Nxe5 and unusual White 3rd moves.} Nf6 7. b3 $5 {[%mdl 4] Leaves trodden paths.} c6 (7... Be6 {is interesting.} 8. Bb2 Nc6 9. O-O-O d5 10. f3 O-O-O) 8. Bb2 Qxe2+ (8... Bf5 {with more complications.} 9. O-O-O Qxe2 10. Bxe2 Nbd7 11. Rde1 O-O-O) 9. Nxe2 Be7 {[#]} 10. O-O-O $146 ({Predecessor:} 10. f3 h5 11. h4 Na6 12. O-O-O Bd7 13. g3 O-O-O 14. Nef4 Rde8 15. Bh3 Bd8 16. Rde1 Rxe1+ 17. Rxe1 {½-½ (63) Fedoseev,V (2719)-Tregubov,P (2592) St Petersburg 2018}) 10... O-O 11. Re1 Nbd7 {[%cal Bb8d7,Bd7e5,Be5d3][%mdl 32]} 12. Ng3 Re8 13. Nf5 Bf8 $1 14. Rxe8 Nxe8 15. Be2 Ne5 16. Ng3 Nxd3+ 17. Bxd3 g6 18. Re1 Bd7 19. Ne4 d5 20. Nf6+ Nxf6 21. Bxf6 Bc5 22. f3 Kf8 23. c3 Re8 24. Rxe8+ Kxe8 $11 {[%mdl 4096] Endgame KBB-KBB} 25. h4 Bd6 26. g4 h5 27. gxh5 gxh5 28. Kd1 Bh3 29. Ke2 Kd7 30. Bd4 a6 31. b4 {The position is equal.} Be7 32. Bf2 Ke6 33. Bc2 Bf5 34. Bb3 Bd6 35. a4 b5 36. axb5 axb5 37. d3 Be5 38. Be1 Bf6 39. Ba2 Be5 40. Bb3 Bf6 41. Ba2 Be5 42. Bb3 {Accuracy: White = 100%, Black = 100%.} 1/2-1/2

[Event "Lindores Abbey Rapid Challenge"]
[Site "Online"]
[Date "2020.05.20"]
[Round "7"]
[White "So, Wesley"]
[Black "Firouzja, Alireza"]
[Result "1/2-1/2"]
[WhiteElo "2741"]
[BlackElo "2703"]
[Annotator "ChessBase"]
[PlyCount "74"]
[EventDate "2020.05.19"]
[EventType "tourn"]
[SourceTitle "playchess.com"]
[Source "ChessBase"]
[SourceQuality "1"]
[TimeControl "900+10"]

1. d4 Nf6 2. c4 {[%emt 0:00:14]} g6 {[%emt 0:00:12]} 3. Nc3 {[%emt 0:00:05]} d5 {[%emt 0:00:24]} 4. cxd5 {[%emt 0:00:11]} Nxd5 {[%emt 0:00:01]} 5. e4 {[%emt 0:00:01]} Nxc3 {[%emt 0:00:01]} 6. bxc3 {[%emt 0:00:01]} Bg7 {[%emt 0:00:00]} 7. Be3 {[%emt 0:00:01]} c5 {[%emt 0:00:05]} 8. Rc1 {[%emt 0:00:10]} O-O {[%emt 0:00:06]} 9. Nf3 {[%emt 0:00:06]} Qa5 {[%emt 0:00:19]} 10. Qd2 {[%emt 0:00:03]} Rd8 {[%emt 0:00:10]} 11. d5 {[%emt 0:00:17]} e6 {[%emt 0:00:03]} 12. Bg5 {[%emt 0:00:07]} Rd6 {[%emt 0:00:01]} 13. Bf4 {[%emt 0:00:32]} Rd8 {[%emt 0:00:03]} 14. c4 {[%emt 0:00:16]} Qxd2+ {[%emt 0:00:12]} 15. Kxd2 {[%emt 0:01:17]} Nc6 {[%emt 0:01:29]} 16. Bd3 {[%emt 0:00:22]} Nb4 {[%emt 0:01:08]} 17. Bb1 {[%emt 0:00:13]} f5 {[%emt 0:02:06]} 18. a3 {[%emt 0:04:04]} fxe4 {[%emt 0:01:03]} 19. Ng5 {[%emt 0:00:10]} exd5 {[%emt 0:04:50]} 20. axb4 {[%emt 0:00:13]} h6 {[%emt 0:00:04]} 21. Bc7 {[%emt 0:03:21]} Rf8 {[%emt 0:01:38]} 22. cxd5 {[%emt 0:00:22]} Rxf2+ {[%emt 0:02:13]} 23. Ke1 {[%emt 0:00:14]} Rb2 {[%emt 0:00:48]} 24. Nxe4 {[%emt 0:01:01]} Bf5 {[%emt 0:00:16]} 25. bxc5 {[%emt 0:00:26]} Re8 {[%emt 0:01:24]} 26. d6 {[%emt 0:00:12]} Bc3+ {[%emt 0:00:29]} 27. Rxc3 {[%emt 0:01:58]} Rxb1+ {[%emt 0:00:04]} 28. Kd2 {[%emt 0:00:01]} Rxh1 {[%emt 0:00:02]} 29. Ng3 {[%emt 0:02:33]} Ree1 {[%emt 0:00:25]} 30. Nxh1 {[%emt 0:00:42]} Rxh1 {[%emt 0:00:00]} 31. Rb3 {[%emt 0:00:02]} Rxh2 {[%emt 0:00:20]} 32. Rxb7 {[%emt 0:00:01]} Rxg2+ {[%emt 0:00:02]} 33. Ke3 {[%emt 0:00:15]} Rc2 {[%emt 0:00:04]} 34. Kd4 {[%emt 0:00:02]} Rd2+ {[%emt 0:00:18]} 35. Ke5 {[%emt 0:00:08]} Re2+ {[%emt 0:00:05]} 36. Kd4 {[%emt 0:00:18]} Rd2+ {[%emt 0:00:02]} 37. Kc4 {[%emt 0:00:42]} Rc2+ {[%emt 0:00:05]} 1/2-1/2

[Event "Lindores Abbey Rapid Challenge"]
[Site "Online"]
[Date "2020.05.20"]
[Round "7"]
[White "Yu, Yangyi"]
[Black "Ding, Liren"]
[Result "1-0"]
[WhiteElo "2738"]
[BlackElo "2836"]
[Annotator "TA"]
[PlyCount "91"]
[EventDate "2020.05.19"]
[EventType "tourn"]
[SourceTitle "playchess.com"]
[Source "ChessBase"]
[SourceQuality "1"]

{[%evp 17,91,0,0,0,0,0,0,0,-1,-1,0,0,18,13,9,10,15,20,36,9,23,29,36,36,40,28,37,42,31,0,35,0,14,21,50,40,35,0,0,4,0,-141,-136,-114,-33,-33,-35,-35,-32,-37,8,0,18,14,37,0,0,0,0,0,257,297,609,548,410,473,29965,29966,29966,29965,29967,29966,29985,29986,29986,29987]} 1. d4 Nf6 2. c4 g6 3. Nc3 d5 4. Nf3 Bg7 5. Qb3 dxc4 6. Qxc4 O-O 7. e4 a6 8. e5 b5 9. Qb3 Nfd7 10. e6 {D97: Grünfeld: Russian System: 7 e4, replies other than 7...Bg4.} fxe6 11. Ng5 Nb6 12. Nxe6 {The position is equal.} Bxe6 13. Qxe6+ Kh8 14. Be3 Qd6 15. Qxd6 exd6 16. h4 Nc6 17. O-O-O {[#]} b4 $146 ({Predecessor:} 17... h5 18. Bd3 Ne7 19. g4 Rae8 20. gxh5 gxh5 21. Rhg1 Nf5 22. Rg5 Nxe3 23. Rxh5+ Kg8 {1-0 (42) Krylov,M (2490)-Kurnosov,I (2648) Moscow 2012}) 18. Ne4 h6 19. d5 Ne7 20. Bxb6 cxb6 21. g3 Nf5 22. Bh3 Nd4 23. Rhe1 b3 24. Kb1 bxa2+ 25. Kxa2 a5 26. f4 a4 27. Rc1 b5 28. Nxd6 b4 29. Rc8 (29. Nc4 $11 {keeps the balance.}) 29... b3+ 30. Kb1 {[#]} a3 ({Black should play} 30... Nc2 $1 $17 31. Rxf8+ Rxf8) 31. bxa3 $15 Rfxc8 32. Bxc8 {Strongly threatening Re8+.} (32. Nxc8 $2 {too greedy.} Nb5 $19) 32... Nc2 33. Re5 $1 Ra5 34. Be6 Nxa3+ 35. Kb2 $1 {[#] And now Nf7+ would win.} Nb5 36. Nf7+ Kh7 {...Nd4 is the strong threat.} 37. Kxb3 {Hoping for Kb4.} Bxe5 38. fxe5 $11 {[%mdl 4096] Endgame Black must now prevent Kb4. KRN-KBN} Nd4+ $2 {[%mdl 8192]} (38... Nc7 $1 $11 {and Black is okay.}) 39. Kb4 $18 Ra7 $2 (39... Ra8 40. Bd7 Kg7) 40. Nd8 Ra8 41. Kc4 Rxd8 (41... Nf3 $18) 42. Kxd4 {White mates.} Kg7 43. d6 Kf8 44. Bd5 Ke8 45. Bc6+ Kf7 46. Kd5 {Accuracy: White = 82%, Black = 72%.} 1-0

[Event "Lindores Abbey Rapid Challenge"]
[Site "Online"]
[Date "2020.05.20"]
[Round "7"]
[White "Karjakin, Sergey"]
[Black "Dubov, Daniil"]
[Result "1/2-1/2"]
[WhiteElo "2709"]
[BlackElo "2770"]
[Annotator "TA"]
[PlyCount "53"]
[EventDate "2020.05.19"]
[EventType "tourn"]
[SourceTitle "playchess.com"]
[Source "ChessBase"]
[SourceQuality "1"]

{[%evp 11,53,24,31,24,36,31,55,37,43,49,63,20,54,0,0,0,29,18,67,17,56,35,60,59,64,64,64,90,88,84,129,100,124,116,120,0,0,-5,0,0,0,-38,0,0]} 1. e4 e5 2. Nf3 d6 3. d4 exd4 4. Nxd4 Nf6 5. Nc3 Be7 6. g3 O-O 7. Bg2 {C41: Philidor Defence.} Re8 8. O-O c6 9. h3 {White is slightly better.} Bf8 10. g4 h6 11. a4 a5 12. Nde2 ({White should play} 12. Re1 $14) 12... Na6 $11 13. Ng3 {[#]} Nc5 $146 ({Predecessor:} 13... Nb4 14. Be3 d5 15. exd5 Nfxd5 16. Nxd5 Nxd5 17. Bxd5 cxd5 18. c3 Ra6 19. Bd4 Rg6 {1-0 (53) Bachmann,A (2533)-Haddouche,M (2429) Istanbul 2012}) 14. Be3 Qb6 15. Bd4 Nh7 16. b3 Bd7 17. f4 Rad8 18. Qd2 Qb4 19. Rad1 Bc8 20. f5 Nf6 21. g5 hxg5 22. Qxg5 Ncd7 {[#]} 23. Rf4 (23. Kh1 $1 $16) 23... Nh7 24. Qh5 $132 {[%mdl 2048] Hoping for Rh4. White is not keeping still} Nhf6 25. Qg5 Nh7 $1 {[%cal Rh7g5]} 26. Qh5 {Rh4 is the strong threat.} Nhf6 27. Qg5 {Accuracy: White = 68%, Black = 70%.} 1/2-1/2

[Event "Lindores Abbey Rapid Challenge"]
[Site "Online"]
[Date "2020.05.20"]
[Round "8"]
[White "Carlsen, Magnus"]
[Black "So, Wesley"]
[Result "1/2-1/2"]
[WhiteElo "2881"]
[BlackElo "2741"]
[Annotator "TA"]
[PlyCount "52"]
[EventDate "2020.05.19"]
[EventType "tourn"]
[SourceTitle "playchess.com"]
[Source "ChessBase"]
[SourceQuality "1"]

{[%evp 24,52,0,0,0,-14,0,0,0,0,9,0,4,15,6,10,12,8,43,0,0,0,0,0,0,0,0,0,0,0,7]} 1. d4 Nf6 2. c4 g6 3. Nc3 d5 4. cxd5 Nxd5 5. e4 Nxc3 6. bxc3 Bg7 7. Bc4 c5 8. Ne2 Nc6 9. Be3 O-O 10. h4 cxd4 11. cxd4 Na5 12. Bd3 Nc6 13. Bc4 Na5 {D87: Exchange Grünfeld: Classical Line: Variations without ...cxd4.} 14. Bb3 h5 15. O-O Nxb3 16. axb3 e5 17. Bg5 Qd6 {[%cal Re5d4]} 18. d5 Bd7 19. Qd2 Rfc8 20. Rfc1 Rxc1+ 21. Rxc1 (21. Nxc1 {is interesting.} f5 22. Ne2 f4 23. Ra2 b6 24. Nc1) 21... a5 {The position is equal.} 22. Ra1 b6 23. Be3 Bf6 24. Bg5 Bg7 25. Be3 Bf6 26. Bg5 Bg7 {Not much happened in this game. Accuracy: White = 100%, Black = 93%.} 1/2-1/2

[Event "Lindores Abbey Rapid Challenge"]
[Site "Online"]
[Date "2020.05.20"]
[Round "8"]
[White "Ding, Liren"]
[Black "Wei, Yi"]
[Result "1-0"]
[WhiteElo "2836"]
[BlackElo "2752"]
[Annotator "TA"]
[PlyCount "109"]
[EventDate "2020.05.19"]
[EventType "tourn"]
[SourceTitle "playchess.com"]
[Source "ChessBase"]
[SourceQuality "1"]

{[%evp 14,109,19,12,18,1,20,15,3,17,35,27,28,15,54,65,62,74,72,67,75,86,121,58,53,68,46,39,49,37,69,66,81,17,28,24,114,101,116,108,127,127,134,129,131,126,131,128,127,123,139,121,132,121,138,138,173,170,190,190,190,190,290,265,341,341,341,341,341,341,521,341,360,346,376,352,552,550,597,622,622,598,573,523,738,718,708,717,659,470,772,754,762,764,758,713,839,839]} 1. d4 Nf6 2. c4 g6 3. Nf3 Bg7 4. e3 O-O 5. Be2 b6 6. O-O Bb7 7. Nc3 d5 8. b4 {8.cxd5 is the modern continuation.} Nbd7 {D94: Grünfeld: 4 Nf3 Bg7 5 e3.} 9. Bb2 {[#]} c5 $146 ({Predecessor:} 9... dxc4 10. Bxc4 c5 11. bxc5 bxc5 12. Ne5 e6 13. Nb5 Nxe5 14. dxe5 Qxd1 15. Rfxd1 Ng4 {1-0 (28) Toma,K (2301)-Mareckova,M (2107) Szklarska Poreba 2013}) 10. dxc5 bxc5 {The position is equal.} 11. b5 Nb6 12. cxd5 Nfxd5 13. Qc1 Nxc3 14. Bxc3 Bxc3 15. Qxc3 Qc7 16. Rfc1 Rfc8 17. a4 {[%cal Ba2a4,Ba4a5][%mdl 32]} a6 {[#]} 18. bxa6 (18. a5 $1 $16) 18... Bxa6 $14 19. Bxa6 Rxa6 20. a5 Nd7 21. Nd2 Rca8 {[%cal Ra6a5]} 22. Nc4 Nf6 23. h3 (23. Nb6 $16 Rd8 24. h3) 23... R8a7 $11 24. Nb6 $36 {[%mdl 2048] White is pushing.} Nd7 (24... Ne4 $11 {keeps the balance.} 25. Qd3 Qc6) 25. Nxd7 $16 {Black is on the road to losing.} Qxd7 26. Qxc5 Ra8 27. Qb4 Qd6 28. Rc5 Kg7 29. Qc3+ Qf6 30. Qxf6+ Kxf6 {[%mdl 4096] Endgame KRR-KRR} 31. g4 Rd8 32. Ra2 h6 33. Kg2 Rd1 34. Rb5 e6 35. h4 g5 36. h5 Kg7 37. Kf3 Kf6 (37... Rc1 $142 38. Kg2 Rc3) 38. Rb7 $18 Rd8 39. Rb6 Ra7 40. a6 Rd1 41. Ke4 Rd5 (41... Rdd7 $142 42. f4 Rd5) 42. Ra4 Re5+ 43. Kd3 Rd5+ 44. Kc3 Rd1 (44... Rc7+ $142 45. Kb3 Rd1) 45. Rb7 {White is clearly winning.} Ra8 46. a7 Rc8+ 47. Kb2 Rd2+ 48. Kb3 {[#] Rb8 is the strong threat.} Rd3+ 49. Ka2 Rd2+ 50. Rb2 Rdd8 51. Ka3 Rd3+ (51... Ra8 $142 52. Rb7 Rd1) 52. Rb3 Rd1 53. Kb4 ({Stronger than} 53. Rb8 Ra1+ 54. Kb2 Rxa4 $11) 53... Ra8 54. Kb5 Ke7 55. Kc6 {Accuracy: White = 86%, Black = 60%.} 1-0

[Event "Lindores Abbey Rapid Challenge"]
[Site "Online"]
[Date "2020.05.20"]
[Round "8"]
[White "Nakamura, Hikaru"]
[Black "Yu, Yangyi"]
[Result "1/2-1/2"]
[WhiteElo "2829"]
[BlackElo "2738"]
[Annotator "TA"]
[PlyCount "84"]
[EventDate "2020.05.19"]
[EventType "tourn"]
[SourceTitle "playchess.com"]
[Source "ChessBase"]
[SourceQuality "1"]

{[%evp 10,84,12,5,27,7,21,1,26,7,16,16,26,8,18,16,18,16,29,13,21,25,14,0,0,-35,4,8,31,8,3,-16,-16,-21,-21,-4,-14,-60,-50,-43,-38,-37,-38,-37,-37,-37,-45,-65,-29,-53,-52,-99,-110,-101,0,0,0,0,0,0,0,0,0,0,0,0,0,0,0,0,0,0,0,0,0,0,0]} 1. e4 e5 2. Nf3 Nf6 3. Nxe5 d6 4. Nf3 Nxe4 5. d3 Nf6 6. d4 g6 {C42: Petroff Defence: 3 Nxe5 and unusual White 3rd moves.} 7. Bd3 Bg7 8. h3 {[#]} Qe7+ $146 ({Predecessor:} 8... O-O 9. O-O Nc6 10. c3 Ne7 11. Qb3 b6 12. Bg5 Bf5 13. Bxf5 Nxf5 14. Nbd2 h6 {0-1 (39) Gvetadze,S (2331)-Gaponenko,I (2430) Kusadasi 2006}) 9. Be2 $1 O-O 10. O-O Re8 11. Bd3 b6 12. Re1 Qf8 13. Rxe8 Qxe8 14. c4 Bb7 15. Nc3 Nbd7 {[%cal Bb8d7,Bd7c5,Bc5e4][%mdl 32]} 16. d5 Nc5 17. Bc2 Ba6 18. Qf1 Nfe4 19. Nxe4 Nxe4 20. Rb1 c6 {White must now prevent ...cxd5.} 21. Ba4 b5 22. cxb5 cxb5 23. Bc2 Bb7 24. Qd3 Nf6 $36 {[%mdl 2048] Black fights for an advantage.} 25. Bg5 h6 26. Re1 Qd7 27. Bxf6 Bxf6 28. Nd4 Re8 29. Rd1 a6 30. b4 Bxd5 31. Nxb5 {[#]} Qc6 ({But not} 31... Qxb5 32. Qxb5 axb5 33. Rxd5 $11) (31... Be4 $1 $17 {[%cal Re4d3]} 32. Qxd6 {[%mdl 64] Double Attack} Qxb5 33. Bxe4 Rd8 34. Qxd8+ Bxd8 35. Rxd8+ Kg7) 32. Nxd6 $11 {The position is equal.} Qxd6 33. Bb3 Qxb4 {aiming for ...Bxb3.} 34. Bxd5 {Qxg6+ is the strong threat.} Re1+ 35. Rxe1 Qxe1+ 36. Qf1 Qxf1+ 37. Kxf1 {[%mdl 4096] Endgame KB-KB} a5 38. a4 Bc3 39. Bc4 Kg7 40. Bb5 f5 41. Bc4 Kf6 42. Bb5 Bb4 {Accuracy: White = 91%, Black = 87%.} 1/2-1/2

[Event "Lindores Abbey Rapid Challenge"]
[Site "Online"]
[Date "2020.05.20"]
[Round "8"]
[White "Grischuk, Alexander"]
[Black "Dubov, Daniil"]
[Result "0-1"]
[WhiteElo "2784"]
[BlackElo "2770"]
[Annotator "TA"]
[PlyCount "110"]
[EventDate "2020.05.19"]
[EventType "tourn"]
[SourceTitle "playchess.com"]
[Source "ChessBase"]
[SourceQuality "1"]

{[%evp 13,110,5,15,4,29,19,15,19,22,0,22,9,0,6,41,22,4,15,18,-9,-9,-10,0,0,0,0,0,0,17,8,52,49,68,14,26,12,12,14,12,12,12,12,16,12,14,17,8,-8,-8,-13,-2,-19,-17,-20,-24,-25,-9,-49,-39,-38,-41,-51,-45,-51,-47,-47,-47,-42,-40,-55,-40,-59,-60,-58,-18,-18,-18,-18,-18,-16,0,-24,-34,-38,0,-39,0,0,0,-38,-33,-52,-4,-8,0,-29977,-29978,-29973,-29971]} 1. e4 e5 2. Nf3 d6 3. d4 exd4 4. Nxd4 Nf6 5. Nc3 Be7 6. Bd3 O-O 7. O-O Re8 8. h3 {C41: Philidor Defence.} Nbd7 {[#]} 9. a4 $146 ({Predecessor:} 9. Kh1 Nc5 10. Qf3 Nxd3 11. cxd3 c6 12. Nf5 Bxf5 13. Qxf5 Nd7 14. d4 g6 15. Qf3 Bf6 {½-½ (50) Lopez Martinez,J (2540)-Khenkin,I (2644) Budva 2009}) 9... a5 10. f4 {The position is equal.} Nc5 11. Qf3 Bf8 12. Re1 d5 {...dxe4 is the strong threat.} 13. e5 Nfe4 14. Be3 {[%cal Rc3e4]} ({Don't go for} 14. Nxe4 $2 dxe4 15. Rxe4 f5 $19) 14... Nxc3 15. bxc3 Bd7 16. c4 Nxd3 17. cxd3 Bb4 18. Red1 dxc4 19. dxc4 Bc3 20. Ra3 Bxd4 (20... Bb4 {is interesting.} 21. Raa1) 21. Bxd4 Qe7 22. c5 $1 Bc6 23. Qf2 ({White should try} 23. Qg4 $14) 23... Rad8 $11 24. Rd2 f5 25. exf6 Qe1+ 26. Qxe1 Rxe1+ 27. Kf2 Re4 28. Be3 Rxd2+ 29. Bxd2 gxf6 30. Bxa5 Rxf4+ {[%mdl 4096] Endgame KRB-KRB} 31. Ke3 Re4+ 32. Kd3 Re7 33. g4 Kf7 34. Bc3 Bg2 35. h4 Re4 36. c6 {Hoping for Ra2.} Rxg4 37. cxb7 Bxb7 38. Be1 $1 f5 39. Rc3 c6 40. a5 Ke6 41. Kd2 Rd4+ 42. Rd3 Ra4 43. Re3+ Kf7 44. Kc2 f4 45. Re5 Ba6 46. Kb3 Ra1 47. Bc3 Rb1+ 48. Kc2 Rf1 (48... Rb5 {feels hotter.} 49. Kd2 f3 50. Rxb5 cxb5 51. Ke3 Bb7) 49. Kd2 Rf2+ 50. Ke1 Rf1+ 51. Kd2 Rf3 52. Rh5 Rd3+ 53. Kc2 f3 {aiming for ...Rxc3+!} 54. Rh6 $2 {[%mdl 8192] [#]} (54. Rxh7+ $11 Kg6 55. Rg7+ Kh5 56. Be1) 54... Rxc3+ $1 {[%mdl 576] Promotion} 55. Kxc3 f2 {Accuracy: White = 87%, Black = 85%.} 0-1

[Event "Lindores Abbey Rapid Challenge"]
[Site "Online"]
[Date "2020.05.20"]
[Round "8"]
[White "Aronian, Levon"]
[Black "Duda, Jan-Krzysztof"]
[Result "1/2-1/2"]
[WhiteElo "2778"]
[BlackElo "2774"]
[Annotator "TA"]
[PlyCount "76"]
[EventDate "2020.05.19"]
[EventType "tourn"]
[SourceTitle "playchess.com"]
[Source "ChessBase"]
[SourceQuality "1"]

{[%evp 12,76,34,25,18,8,21,11,12,11,21,0,9,-16,-10,-10,0,-8,14,-33,32,12,39,45,77,79,79,97,158,167,225,139,231,236,389,138,151,147,136,141,148,135,165,125,128,75,113,32,40,12,16,4,2,5,18,4,15,15,62,39,62,0,62,0,62,0,56]} 1. c4 Nf6 2. Nc3 e6 3. e4 d5 4. e5 d4 5. exf6 dxc3 6. bxc3 Qxf6 7. Nf3 b6 {A18: English Opening: Flohr-Mikenas System (1 c4 Nf6 2 Nc3 e6 3 e4).} 8. g3 Bb7 9. Bg2 Bd6 10. d4 h6 11. O-O O-O 12. Qd3 {aiming for Ng5.} Rd8 {[#]} 13. Re1 $146 ({Predecessor:} 13. h4 Qf5 14. Qxf5 exf5 15. h5 Nd7 16. Nh4 Be4 17. Bxe4 fxe4 18. g4 Nf6 19. g5 Nxh5 20. gxh6 {½-½ (60) Docx,S (2444)-Fontaine,Q (2313) Charleroi 2018}) 13... Nd7 14. a4 e5 15. Ra2 exd4 (15... e4 $15 16. Rxe4 Bxe4 17. Qxe4 Re8) 16. cxd4 $14 {[%cal Bc3d4,Bd4d5][%mdl 32]} Bb4 17. Re3 Nc5 18. Qe2 Ne6 {Black wants to play ...Bxf3.} 19. d5 $1 $36 {[%cal Rd5e6][%mdl 2048] White is really pushing.} Nf8 {[#]} (19... Ng5 $142) 20. Bb2 $1 $16 {[%cal Rb2f6]} Qf5 (20... Qg6 {was necessary.} 21. Ra1 Bc5) 21. Re4 Re8 (21... a5 $16) 22. Nh4 $18 ({Resist} 22. Rxe8 $6 Qb1+ 23. Bf1 Rxe8) 22... Qh7 $2 (22... Qd7 23. Bxg7 Kxg7) 23. Ra1 $2 (23. Rxe8 $18 {is the precise move to win.} Rxe8 24. Qxe8 Qb1+ 25. Bf1 Qxa2 {[#]} 26. Qe5 $1 {[%mdl 512]}) 23... Rxe4 $16 24. Bxe4 g6 25. Bc2 a5 26. Rd1 Bc5 27. Rd3 Bc8 28. Qe5 (28. Qe8 $142) 28... Bd6 29. Qf6 (29. Qe8 $16) 29... Bh3 $14 30. Re3 Nd7 31. Qf3 {Hoping for g4.} h5 $1 32. Qd1 Qh6 33. Nf3 Bg4 34. Kg2 Bc5 35. Re1 Bb4 36. Re3 Bc5 37. Re1 Bb4 $1 38. Re3 Bc5 {Blacks defense is rewarded with a draw. Accuracy: White = 67%, Black = 61%.} 1/2-1/2